| 000 | 00648nam a22001577a 4500 | ||
|---|---|---|---|
| 003 | OSt | ||
| 005 | 20151002165751.0 | ||
| 008 | 151002b xxu||||| |||| 00| 0 eng d | ||
| 040 | _cRUA | ||
| 082 | _aAVM TIN 1995 B068 Or.1 | ||
| 100 |
_91815 _aTING, ROTHEA. |
||
| 245 | _aEnquete sur l'elevage porcin dans le district de ba phnom prey veng les reproducteurs, ការអង្កេតទៅលើការចិញ្ចឹមជ្រូកនៅស្រុកបាភ្នំ ខេត្តព្រៃវែង ជ្រូកមេ និងបា | ||
| 260 |
_aPhnom Penh _bRUA _c1995 |
||
| 300 |
_a77p. _bill. _c29cm. |
||
| 942 |
_2ddc _cAVM |
||
| 999 |
_c1714 _d1714 |
||